000 00543nam a2200181Ia 4500
005 20250508154320.0
008 008 250505s9999 xx 000 0 eng d
037 _aTextual
040 _aFEDL
_beng
_cFEDL
041 _aeng
_2eng
084 _a378.1, RIU
_qFEDL
100 _aRivlin Alice M
_9698817
245 0 _aRole of the federal government in financing higher education
260 _aWashington, USA
_bThr Brookings Institution
_c1961
300 _axii,179p.
942 _cTEXL
_h378.1, RIU
999 _c1349543
_d1349543